00915nam a2200253 a 450000100100000000500170001000800410002704000250006808200150009310000280010824501200013625000120025626000280026830000240029650400320032065000380035265000280039065000380041870000280045670000320048404900150051695201130053199900170064400003995520250527115319.0090908s1995 dr a 001 0 spa d aDO-SdBNPbspacBNPHU a658bG958c1 aGuillermo, Edgar91863210aCompendio de administración :bteoría y práctica /cEdgar Guillermo, Eleido Rodríguez, William Rodríguez. a3a. ed. aSanto Domingo :,c1995. a240 :bil ;c22 cm. aBibliografía : p. 231-233 0aAdministración industrial95872 0aAdministración920440 0aPlanificación empresarial917801 aRodríguez, Ele9661711 aRodríguez, William966172 aEn proceso 0010718PDaPDbPDcCTd2013-07-31iLF1l0o658 G958cp39955-10r2020-06-25w2020-06-25yLFPDZNo se presta c39445d39445